000 00542nam a2200169Ia 4500
008 181130s2018 xx 000 0 und d
100 _aSridevi, G. et al
245 _aClimate change vulnerability and agrarian communities in temporal and spatial context:
_bdistrict-wise analysis of undivided Andhra Pradesh
260 _c2018
300 _ap.29-46.
504 _dMar
650 _aAgriculture
650 _aAgriculture - India - Andhra Pradesh
650 _aClimate change
773 _aMan and Development
906 _aAgriculture
999 _c506629
_d506629